Sexual behaviour and AIDS /

Bibliographic Details
Main Author: Spira, Alfred
Corporate Authors: Groupe ACSF, France. Ministère de la recherche et de l'espace
Other Authors: Bajos, Nathalie
Format: Book
Language:English
Published: Aldershot ; Bookfield, USA : Avebury, [1994]
Subjects:

MARC

Tag First Indicator Second Indicator Subfields
LEADER 00000cam a2200000 a 4500
001 in00001216708
005 20151003060311.0
008 940729s1994 enka b 000 0 eng
010 |a  94029869  
020 |a 1856289311 
035 |a (OCoLC)30970389 
035 |9 AGS0959AM 
040 |a DLC  |c DLC  |d TXA  |d UtOrBLW 
041 1 |a eng  |h fre 
043 |a e-fr--- 
049 |a TXAM 
050 0 0 |a RA644.A25  |b S67513 1994 
082 0 0 |a 614.5/993  |2 20 
100 1 |a Spira, Alfred. 
240 1 0 |a Analyse des comportements sexuel en France.  |l English 
245 1 0 |a Sexual behaviour and AIDS /  |c Alfred Spira, Nathalie Bajos, and the ASCF group. 
264 1 |a Aldershot ;  |a Bookfield, USA :  |b Avebury,  |c [1994] 
264 4 |c ©1994 
300 |a xvii, 324 pages :  |b illustrations ;  |c 23 cm. 
336 |a text  |b txt  |2 rdacontent 
337 |a unmediated  |b n  |2 rdamedia 
338 |a volume  |b nc  |2 rdacarrier 
500 |a Report to the French Minister of Research and Space. 
504 |a Includes bibliographical references (pages 319-324). 
650 0 |a AIDS (Disease)  |x Social aspects  |z France. 
650 0 |a Sexual behavior surveys  |z France. 
700 1 |a Bajos, Nathalie. 
710 2 |a Groupe ACSF. 
710 1 |a France.  |b Ministère de la recherche et de l'espace. 
999 |a MARS 
999 f f |s e884a25c-9460-32dc-b117-14a207681ef8  |i e7586b7a-d8e8-3c90-bfd9-cd6ae0f7b2d6  |t 0 
952 f f |p ric  |a Texas A&M University  |b Rellis Campus  |c Joint Library Facility  |d Remote Storage  |t 0  |e RA644.A25 S67513 1994  |h Library of Congress classification  |i unmediated -- volume  |m A14819057053 
998 f f |a RA644.A25 S67513 1994  |t 0  |l Remote Storage